[Event "EU-chT Seniors 05th"]
[Site "Dresden"]
[Date "2003.02.25"]
[Round "3.3"]
[White "Haakert, Juergen"]
[Black "Bachmann, Karlheinz"]
[Result "1/2-1/2"]
[WhiteElo "2414"]
[BlackElo "2281"]
[EventDate "2003.02.23"]
[PlyCount "24"]

1.b3 d5 2.Bb2 Bf5 3.Nf3 e6 4.g3 Nd7 5.Bg2 Ngf6 6.O-O Be7 7.c4 c6 8.d3 h6 
9.Nbd2 O-O 10.a3 a5 11.Ra2 Bh7 12.Qa1 Nc5 1/2-1/2

[Event "EU-chT Seniors 05th"]
[Site "Dresden"]
[Date "2003.02.25"]
[Round "3.3"]
[White "Kristiansen, Erling"]
[Black "Vager, Boris"]
[Result "1/2-1/2"]
[WhiteElo "2263"]
[BlackElo "2262"]
[EventDate "2003.02.23"]
[PlyCount "44"]

1.e4 c5 2.Nf3 e6 3.d4 cxd4 4.Nxd4 Nf6 5.Nc3 Nc6 6.Ndb5 Bb4 7.a3 Bxc3+ 8.
Nxc3 d5 9.exd5 exd5 10.Bd3 d4 11.Ne4 Nxe4 12.Bxe4 Bf5 13.Qf3 Bxe4 14.Qxe4+
Qe7 15.Qxe7+ Kxe7 16.Bf4 f6 17.O-O-O Rad8 18.Rhe1+ Kf7 19.Re4 g5 20.Bd2 
Rhe8 21.Rde1 Rxe4 22.Rxe4 Re8 1/2-1/2

[Event "EU-chT Seniors 05th"]
[Site "Dresden"]
[Date "2003.02.25"]
[Round "3.3"]
[White "Kupper, Josef"]
[Black "Rost van Tonningen, Otto"]
[Result "1/2-1/2"]
[WhiteElo "2380"]
[BlackElo "2212"]
[EventDate "2003.02.23"]
[PlyCount "54"]

1.e4 d6 2.d4 Nf6 3.Nc3 Nbd7 4.f4 e5 5.fxe5 dxe5 6.dxe5 Nxe5 7.Qxd8+ Kxd8 
8.Bg5 c6 9.Nf3 Bd6 10.O-O-O Kc7 11.Bh4 Nfg4 12.Bg3 f6 13.Re1 Re8 14.h3 Nh6
15.Bf2 Nhf7 16.Bd3 b5 17.Kb1 a5 18.Nd1 a4 19.Ne3 Be6 20.Nd4 Rad8 21.Nxe6+ 
Rxe6 22.Nf5 Bf8 23.Rd1 g6 24.Ne3 Kb7 25.Be2 Rxd1+ 26.Rxd1 Rd6 27.Rxd6 Bxd6
1/2-1/2

[Event "EU-chT Seniors 05th"]
[Site "Dresden"]
[Date "2003.02.25"]
[Round "3.3"]
[White "Landgraf, Siegfried"]
[Black "Rahls, Peter"]
[Result "1/2-1/2"]
[WhiteElo "2106"]
[BlackElo "2295"]
[EventDate "2003.02.23"]
[PlyCount "65"]

1.Nf3 c5 2.g3 Nc6 3.d4 cxd4 4.Nxd4 d5 5.Bg2 Nf6 6.O-O e5 7.Nxc6 bxc6 8.c4 
Be6 9.Nc3 Qd7 10.Qa4 Rc8 11.cxd5 cxd5 12.Qxd7+ Kxd7 13.Rd1 Bd6 14.Nxd5 
Nxd5 15.Bxd5 Bxd5 16.Rxd5 Ke6 17.Ra5 Rc2 18.Be3 Rxb2 19.Rd1 Rd8 20.Ra6 Rb7
21.Bc5 Rbd7 22.Bxd6 Rxd6 23.Rdxd6+ Rxd6 24.Rxa7 h5 25.h4 g6 26.a4 f6 27.a5
Rd1+ 28.Kg2 Ra1 29.e4 Ra4 30.a6 Rxe4 31.Ra8 Ra4 32.a7 Kf5 33.Kf3 1/2-1/2

[Event "EU-chT Seniors 05th"]
[Site "Dresden"]
[Date "2003.02.25"]
[Round "3.3"]
[White "Meier, Wolfgang"]
[Black "Dorawa, Bernhard"]
[Result "1-0"]
[WhiteElo "2102"]
[BlackElo "2152"]
[EventDate "2003.02.23"]
[PlyCount "142"]

1.c4 Nf6 2.Nc3 e5 3.Nf3 Nc6 4.d4 exd4 5.Nxd4 Bb4 6.Bg5 Bxc3+ 7.bxc3 Ne5 8.
e3 h6 9.Bh4 Ng6 10.Bg3 O-O 11.Bd3 d6 12.Qc2 Ne5 13.Be2 Re8 14.O-O Bd7 15.
Rad1 b6 16.Rfe1 Qe7 17.e4 Be6 18.f4 Nxc4 19.Bxc4 Bxc4 20.Bh4 Qf8 21.Bxf6 
gxf6 22.Re3 Ba6 23.Rg3+ Kh8 24.Re1 d5 25.e5 Bc8 26.Qd1 c5 27.Nb5 fxe5 28.
fxe5 Re7 29.Qxd5 Be6 30.Qf3 Rd8 31.Nd6 Red7 32.a3 Rc7 33.Ne4 c4 34.h3 Rd3 
35.Qf6+ Kh7 36.Ree3 Rxe3 37.Rxe3 Rd7 38.Nd6 Qg7 39.Qf4 Qg5 40.Qe4+ Qg6 41.
Rg3 Qxe4 42.Nxe4 Rd8 43.Nf6+ Kh8 44.Kf2 Bf5 45.Ke3 Rd3+ 46.Kf4 Rxg3 47.
Kxg3 Kg7 48.Kf4 Be6 49.h4 Kf8 50.Ke4 Kg7 51.h5 Kf8 52.Kd4 Kg7 53.g3 Kf8 
54.Nd5 Bg4 55.Nf4 b5 56.Kc5 Bd7 57.Kd6 Bg4 58.Kc6 a6 59.Kb6 Bc8 60.Nd5 Ke8
61.Kc7 Be6 62.Nf4 Bf5 63.Kb7 a5 64.Kb6 b4 65.cxb4 axb4 66.axb4 c3 67.b5 
Kd7 68.Kc5 c2 69.Ne2 Be4 70.b6 Bf3 71.Nc1 Bxh5 1-0

[Event "EU-chT Seniors 05th"]
[Site "Dresden"]
[Date "2003.02.25"]
[Round "3.3"]
[White "Reuben, Stewart"]
[Black "Lenk, Wolfgang"]
[Result "1/2-1/2"]
[WhiteElo "2161"]
[BlackElo "2187"]
[EventDate "2003.02.23"]
[PlyCount "46"]

1.c4 Nf6 2.g3 g6 3.Bg2 Bg7 4.Nc3 O-O 5.d4 d6 6.e4 Nc6 7.Nge2 a6 8.O-O Rb8 
9.h3 e5 10.d5 Ne7 11.f4 Ne8 12.fxe5 dxe5 13.Be3 b6 14.Qd2 Nd6 15.b3 f5 16.
Kh2 fxe4 17.Bg5 Nf7 18.Nxe4 Nxg5 19.Rxf8+ Qxf8 20.Qxg5 h6 21.Qd2 Nf5 22.
Rf1 Qe7 23.g4 Nd4 1/2-1/2

[Event "EU-chT Seniors 05th"]
[Site "Dresden"]
[Date "2003.02.25"]
[Round "3.3"]
[White "Strand, Karl W"]
[Black "Harzer, Paul"]
[Result "1/2-1/2"]
[WhiteElo "1819"]
[BlackElo "2027"]
[EventDate "2003.02.23"]
[PlyCount "106"]

1.e4 d5 2.exd5 Nf6 3.d4 Bg4 4.Be2 Bxe2 5.Qxe2 Qxd5 6.Nf3 Nc6 7.c4 Qf5 8.
O-O O-O-O 9.d5 Nb4 10.Na3 e6 11.dxe6 fxe6 12.Be3 Nc6 13.Nb5 Qd3 14.Qxd3 
Rxd3 15.Rad1 Rxd1 16.Rxd1 Be7 17.Ng5 e5 18.Ne6 Ng4 19.Nbxc7 Nxe3 20.fxe3 
Bf6 21.Nb5 a6 22.Nd6+ Kb8 23.Ne4 Re8 24.N6c5 Be7 25.Rd7 Nd8 26.Kf1 Kc8 27.
Rd5 Bxc5 28.Nxc5 Re7 29.Ke2 Nc6 30.a3 a5 31.Ne4 Kc7 32.Nc3 Rd7 33.Kd3 Rf7 
34.Ke2 Rd7 35.Rxd7+ Kxd7 36.Nd5 e4 37.Nc3 Ne5 38.b3 Nd3 39.Kd2 Nc5 40.b4 
axb4 41.axb4 Nd3 42.Nxe4 Nxb4 43.Nc5+ Kc6 44.Ne6 g6 45.Nf8 Kc5 46.Kc3 Na2+
47.Kb3 Nc1+ 48.Kc2 Na2 49.Kb2 Nb4 50.Kb3 Nd3 51.Ne6+ Kd6 52.Nf4 Ne5 53.h3 
g5 1/2-1/2

[Event "EU-chT Seniors 05th"]
[Site "Dresden"]
[Date "2003.02.25"]
[Round "3.3"]
[White "Stuerzenbaum, Arthur"]
[Black "Wade, Robert Graham"]
[Result "1/2-1/2"]
[WhiteElo "2194"]
[BlackElo "2213"]
[EventDate "2003.02.23"]
[PlyCount "43"]

1.e4 d6 2.d4 Nf6 3.Nc3 c6 4.f4 Qa5 5.Bd2 Qb6 6.Nf3 Bg4 7.Na4 Qc7 8.h3 Bxf3
9.Qxf3 d5 10.Nc3 dxe4 11.Nxe4 Nbd7 12.O-O-O Nxe4 13.Qxe4 Nf6 14.Qf3 O-O-O 
15.c3 e6 16.Kb1 Kb8 17.Bc4 Bd6 18.Bb3 c5 19.dxc5 Bxc5 20.Be3 Bxe3 21.Qxe3 
Rxd1+ 22.Rxd1 1/2-1/2

[Event "EU-chT Seniors 05th"]
[Site "Dresden"]
[Date "2003.02.25"]
[Round "3.3"]
[White "Titz, Heimo"]
[Black "Kahn, Peter"]
[Result "1-0"]
[WhiteElo "2326"]
[BlackElo "2143"]
[EventDate "2003.02.23"]
[PlyCount "81"]

1.c4 e6 2.d4 d5 3.Nc3 Nf6 4.cxd5 exd5 5.Bg5 Nbd7 6.e3 c6 7.Bd3 Be7 8.Qc2 
O-O 9.Nf3 Re8 10.O-O Nf8 11.h3 Ne4 12.Bxe7 Qxe7 13.Bxe4 dxe4 14.Nd2 f5 15.
Rae1 Be6 16.f3 Bd5 17.fxe4 fxe4 18.Nxd5 cxd5 19.Qb3 Qe6 20.Nb1 Nd7 21.Nc3 
Nf6 22.Rf2 Re7 23.Ref1 Rae8 24.Rxf6 gxf6 25.Nxd5 Kg7 26.Nxe7 Qxe7 27.Qd1 
Qe6 28.Rf4 f5 29.Qh5 Rf8 30.Qg5+ Kh8 31.b3 a5 32.Rf2 Qc8 33.Kh2 Rf7 34.Qf4
Kg7 35.g4 Kg6 36.gxf5+ Rxf5 37.Qxe4 Kf6 38.Qe5+ Kg6 39.Rg2+ Kh5 40.Qg3 Qe6
41.Qg4+ 1-0

[Event "EU-chT Seniors 05th"]
[Site "Dresden"]
[Date "2003.02.25"]
[Round "3.3"]
[White "Wiggens, Andrew"]
[Black "Lewicki, Wieslaw"]
[Result "1/2-1/2"]
[WhiteElo "1820"]
[BlackElo "2000"]
[EventDate "2003.02.23"]
[PlyCount "107"]

1.d4 Nf6 2.Nf3 g6 3.Bg5 Bg7 4.Nbd2 d6 5.e4 Nbd7 6.c3 O-O 7.Be2 h6 8.Bh4 e5
9.dxe5 dxe5 10.O-O g5 11.Bg3 Nh5 12.Re1 Nxg3 13.hxg3 Qe7 14.Qc2 Nf6 15.Bf1
Ng4 16.b4 Be6 17.Nc4 Rad8 18.a4 Rd7 19.Rad1 Rfd8 20.Rxd7 Rxd7 21.Rd1 Rxd1 
22.Qxd1 Qf6 23.Qd2 Qe7 24.Na5 c6 25.Nc4 Qd7 26.Qd6 Qxd6 27.Nxd6 b6 28.Bc4 
Bf8 29.Bxe6 fxe6 30.Nc8 a5 31.Nxb6 axb4 32.cxb4 Bxb4 33.Nc4 Bc5 34.Nfxe5 
Nxf2 35.Nxc6 Nxe4+ 36.Kf1 Nxg3+ 37.Ke1 Nf5 38.a5 Nd4 39.N4e5 Nb5 40.g4 Kg7
41.Kd2 Nd4 42.Nxd4 Bxd4 43.Nc6 Bc5 44.a6 Kg6 45.Ne5+ Kg7 46.Nc6 Kf6 47.a7 
Bxa7 48.Nxa7 Kg6 49.Nc6 h5 50.Ne5+ Kf6 51.Nd7+ Kg6 52.Nf8+ Kh6 53.gxh5 
Kxh5 54.Nxe6 1/2-1/2

[Event "EU-chT Seniors 05th"]
[Site "Dresden"]
[Date "2003.02.25"]
[Round "3.4"]
[White "Appelt, Gerd"]
[Black "Winiwarter, Felix"]
[Result "1/2-1/2"]
[WhiteElo "1915"]
[BlackElo "2185"]
[EventDate "2003.02.23"]
[PlyCount "41"]

1.e4 e6 2.d4 d5 3.e5 c5 4.c3 Nc6 5.Nf3 Qb6 6.Bd3 cxd4 7.cxd4 Bd7 8.O-O 
Nxd4 9.Nxd4 Qxd4 10.Nc3 a6 11.Qe2 Ne7 12.Kh1 Nc6 13.f4 Nb4 14.Bb1 Qc4 15.
Qd1 d4 16.Ne4 Bb5 17.Re1 Nd3 18.b3 Qxc1 19.Bxd3 Qxd1 20.Bxb5+ axb5 21.
Rexd1 1/2-1/2

[Event "EU-chT Seniors 05th"]
[Site "Dresden"]
[Date "2003.02.25"]
[Round "3.4"]
[White "Bebchuk, Evgeni"]
[Black "Piekarz, Peter"]
[Result "1/2-1/2"]
[WhiteElo "2305"]
[BlackElo "2011"]
[EventDate "2003.02.23"]
[PlyCount "42"]

1.e4 d5 2.exd5 Qxd5 3.Nc3 Qa5 4.d4 c6 5.Nf3 Nf6 6.Bc4 Bf5 7.Bd2 e6 8.Qe2 
Bb4 9.Ne5 Nbd7 10.Nxd7 Kxd7 11.a3 Bxc3 12.Bxc3 Qc7 13.O-O-O b5 14.Bd3 Bg6 
15.d5 exd5 16.Bxf6 Qf4+ 17.Kb1 Qxf6 18.Bxb5 Kc7 19.Bd3 Rab8 20.b3 Rhe8 21.
Qg4 Re7 1/2-1/2

[Event "EU-chT Seniors 05th"]
[Site "Dresden"]
[Date "2003.02.25"]
[Round "3.4"]
[White "Betz, Egon"]
[Black "Tochtermann, Georg"]
[Result "1/2-1/2"]
[WhiteElo "2031"]
[BlackElo "2012"]
[EventDate "2003.02.23"]
[PlyCount "42"]

1.e4 d6 2.d4 Nf6 3.Nc3 c6 4.Bd3 e5 5.Nge2 g6 6.O-O Bg7 7.h3 O-O 8.Be3 Qc7 
9.Qd2 Re8 10.dxe5 dxe5 11.Ng3 Nbd7 12.a3 b6 13.Rad1 Nf8 14.Nce2 Ne6 15.c3 
Bb7 16.Qc2 Rad8 17.Bc4 Bc8 18.Rxd8 Rxd8 19.Rd1 Rxd1+ 20.Qxd1 Qd7 21.Qxd7 
Bxd7 1/2-1/2

[Event "EU-chT Seniors 05th"]
[Site "Dresden"]
[Date "2003.02.25"]
[Round "3.4"]
[White "Brameyer, Hermann"]
[Black "Siegmund, Rainer"]
[Result "1-0"]
[WhiteElo "2282"]
[BlackElo "2111"]
[EventDate "2003.02.23"]
[PlyCount "105"]

1.d4 Nf6 2.Nf3 e6 3.e3 d5 4.Bd3 c5 5.b3 Nc6 6.O-O b6 7.Bb2 cxd4 8.exd4 Bb7
9.Qe2 Be7 10.Nbd2 O-O 11.a3 Rc8 12.Rfe1 Re8 13.Ne5 Bf8 14.Ng4 g6 15.Nxf6+ 
Qxf6 16.Nf3 Bg7 17.Rad1 Qd8 18.Qe3 Rc7 19.Qf4 Qc8 20.b4 Nb8 21.Ne5 Rf8 22.
Qh4 Qd8 23.Qg3 Nd7 24.Nxd7 Qxd7 25.Re2 Rfc8 26.b5 Ra8 27.a4 a6 28.Ra1 axb5
29.axb5 Rxa1+ 30.Bxa1 Rc8 31.h4 Qc7 32.Qg4 Ra8 33.Re1 Bc8 34.Qg5 Bf8 35.h5
Qe7 36.Qg3 Qd6 37.hxg6 hxg6 38.Qe3 Bg7 39.Bc3 Bd7 40.Bd2 Ra5 41.c3 Ra8 42.
g3 Ra3 43.Qg5 Be8 44.Bf4 Qd7 45.Rc1 f6 46.Qh4 e5 47.dxe5 fxe5 48.Be3 e4 
49.Bf1 Rxc3 50.Rd1 Qe6 51.Bh3 Qf7 52.Qd8 Rd3 53.Rd2 1-0

[Event "EU-chT Seniors 05th"]
[Site "Dresden"]
[Date "2003.02.25"]
[Round "3.4"]
[White "Gradl, Rudolf"]
[Black "Neudel, Bernd"]
[Result "1/2-1/2"]
[WhiteElo "1645"]
[BlackElo "1776"]
[EventDate "2003.02.23"]
[PlyCount "25"]

1.f4 Nf6 2.Nf3 d5 3.e3 c5 4.b3 g6 5.Bb2 Bg7 6.Bb5+ Bd7 7.Bxd7+ Nbxd7 8.O-O
O-O 9.Ne5 e6 10.c4 Ne4 11.Qc2 Rc8 12.d3 Nd6 13.Nd2 1/2-1/2

[Event "EU-chT Seniors 05th"]
[Site "Dresden"]
[Date "2003.02.25"]
[Round "3.4"]
[White "Keller, Lothar"]
[Black "Haug, Kjell Martin"]
[Result "1-0"]
[WhiteElo "2016"]
[BlackElo "1817"]
[EventDate "2003.02.23"]
[PlyCount "39"]

1.e4 e5 2.f4 Nc6 3.Nf3 d6 4.Bc4 Be7 5.c3 Qd7 6.O-O Bf6 7.d4 exd4 8.cxd4 
Na5 9.Bd3 b6 10.d5 h6 11.e5 dxe5 12.fxe5 Be7 13.Nc3 Qg4 14.Ne4 Bf5 15.Qa4+
Kf8 16.h3 Qg6 17.d6 cxd6 18.exd6 Bd8 19.Ne5 Qe6 20.Rxf5 1-0

[Event "EU-chT Seniors 05th"]
[Site "Dresden"]
[Date "2003.02.25"]
[Round "3.4"]
[White "Krueger, Erich"]
[Black "Zunker, Reinhard"]
[Result "1-0"]
[WhiteElo "2234"]
[BlackElo "2194"]
[EventDate "2003.02.23"]
[PlyCount "131"]

1.d4 Nf6 2.c4 g6 3.Nc3 Bg7 4.e4 d6 5.Be2 O-O 6.Bg5 c6 7.Qd2 a6 8.Nf3 b5 9.
a3 bxc4 10.Bxc4 Nbd7 11.O-O Nb6 12.Bd3 Bg4 13.Qe3 Nfd7 14.Nd2 c5 15.d5 Ne5
16.h3 Nxd3 17.Qxd3 Bd7 18.Rab1 Na4 19.Rfc1 h6 20.Be3 Rb8 21.Nxa4 Bxa4 22.
b3 Bb5 23.Qc2 a5 24.Nc4 Bxc4 25.bxc4 Qd7 26.Rb3 Kh7 27.Rcb1 Rxb3 28.Qxb3 
f5 29.Qb7 Qd8 30.exf5 gxf5 31.Qa7 f4 32.Bd2 f3 33.Rb7 Bf6 34.Bxa5 Qe8 35.
g4 Qg6 36.Qb6 Kg8 37.Qb1 Qg5 38.Rb3 Be5 39.Kf1 Qh4 40.Qg6+ Kh8 41.Qh5 Qxh5
42.gxh5 Rf4 43.Bc3 Rxc4 44.Bxe5+ dxe5 45.Rxf3 Rd4 46.Rf7 Rxd5 47.Rxe7 c4 
48.Rc7 Ra5 49.Rxc4 Rxa3 50.Kg2 Kg7 51.Rc6 Ra4 52.Rg6+ Kh7 53.Rc6 Ra5 54.f3
Ra2+ 55.Kg3 Re2 56.h4 Kg7 57.Rg6+ Kf7 58.Rxh6 e4 59.f4 e3 60.Kf3 Re1 61.
Rg6 Rh1 62.Rg4 Rh3+ 63.Ke2 Kf6 64.h6 Kf5 65.h7 Kxg4 66.h8=Q 1-0

[Event "EU-chT Seniors 05th"]
[Site "Dresden"]
[Date "2003.02.25"]
[Round "3.4"]
[White "Kuehn, Peter2"]
[Black "Barnstedt, Dietrich"]
[Result "1-0"]
[WhiteElo "1992"]
[BlackElo "2154"]
[EventDate "2003.02.23"]
[PlyCount "63"]

1.e4 e5 2.Nf3 d5 3.exd5 e4 4.Qe2 Be7 5.Qxe4 Nf6 6.Qa4+ Bd7 7.Qb3 b6 8.Nc3 
O-O 9.Be2 c6 10.d4 cxd5 11.Nxd5 Bd6 12.Nxf6+ Qxf6 13.Bg5 Qg6 14.O-O-O Nc6 
15.h4 Be6 16.Qa4 Nb4 17.Bd3 Qh5 18.a3 b5 19.Qa5 Na2+ 20.Kb1 b4 21.d5 Bg4 
22.Kxa2 bxa3 23.b3 h6 24.Qa6 Bc5 25.Be3 Bxe3 26.fxe3 Bxf3 27.gxf3 Qxf3 28.
e4 Qe3 29.Qxa3 a5 30.Rdg1 Rfc8 31.Qb2 a4 32.Qxg7# 1-0

[Event "EU-chT Seniors 05th"]
[Site "Dresden"]
[Date "2003.02.25"]
[Round "3.4"]
[White "Monte, Peter"]
[Black "Bhend, Edwin"]
[Result "1/2-1/2"]
[WhiteElo "2114"]
[BlackElo "2240"]
[EventDate "2003.02.23"]
[PlyCount "56"]

1.f4 d5 2.Nf3 g6 3.e3 Bg7 4.Be2 Nf6 5.O-O O-O 6.Qe1 c5 7.d3 Nc6 8.a4 Ne8 
9.e4 dxe4 10.dxe4 Nd4 11.Bd1 Bg4 12.Nbd2 Nc7 13.c3 Nc6 14.Qg3 Bxf3 15.Nxf3
e6 16.Bc2 f5 17.Be3 b6 18.Rad1 Qe7 19.Rfe1 Rad8 20.Rxd8 Nxd8 21.exf5 exf5 
22.Bb3+ Kh8 23.Bf2 Qf6 24.Ne5 Re8 25.Rd1 Nce6 26.Nc4 Nf7 27.Qf3 Rd8 28.
Rxd8+ Qxd8 1/2-1/2

[Event "EU-chT Seniors 05th"]
[Site "Dresden"]
[Date "2003.02.25"]
[Round "3.4"]
[White "Petzold, Hans"]
[Black "Munro, Donald"]
[Result "0-1"]
[WhiteElo "1911"]
[BlackElo "1848"]
[EventDate "2003.02.23"]
[PlyCount "76"]

1.e4 d5 2.exd5 Qxd5 3.Nc3 Qa5 4.d4 Nf6 5.Nf3 c6 6.h3 Bf5 7.Bc4 e6 8.O-O 
Bb4 9.Ne2 O-O 10.Bf4 Nbd7 11.c3 Be7 12.b4 Qd8 13.Re1 Nb6 14.Bb3 Nbd5 15.
Be5 a5 16.a3 b5 17.Qc1 axb4 18.cxb4 Qd7 19.Ng3 Bg6 20.Nh4 Nb6 21.Nxg6 hxg6
22.Rd1 Nfd5 23.Ne4 Rfc8 24.Nc5 Qd8 25.Nb7 Qd7 26.Na5 Nxb4 27.axb4 Bxb4 28.
Nxc6 Rxa1 29.Qxa1 Qxc6 30.Qb1 Be7 31.Qa2 Nd5 32.Qa7 Qa8 33.Qd7 Qc6 34.Qa7 
Bf6 35.Bg3 Nc3 36.Re1 Ne4 37.d5 exd5 38.Rxe4 Ra8 0-1

[Event "EU-chT Seniors 05th"]
[Site "Dresden"]
[Date "2003.02.25"]
[Round "3.4"]
[White "Prelovskij, Rudolf"]
[Black "Ofstad, Per"]
[Result "0-1"]
[WhiteElo "2171"]
[BlackElo "2210"]
[EventDate "2003.02.23"]
[PlyCount "78"]

1.c4 c6 2.Nf3 Nf6 3.Nc3 d5 4.cxd5 cxd5 5.d4 Nc6 6.e3 e6 7.a3 Be7 8.Bd3 Bd7
9.O-O O-O 10.b4 Rc8 11.Bb2 a6 12.Qe2 Bd6 13.e4 dxe4 14.Nxe4 Nxe4 15.Qxe4 
g6 16.h4 Ne7 17.Ne5 Bxe5 18.Qxe5 Nd5 19.Qg3 Bb5 20.Rad1 Qc7 21.f4 Qd6 22.
Rf2 Bxd3 23.Rxd3 Rc6 24.h5 Rfc8 25.Qg5 Rc2 26.Rdf3 Rxf2 27.Rxf2 Qd8 28.
hxg6 hxg6 29.Qh6 Qf6 30.g4 Qh8 31.Qg5 Qh3 32.f5 exf5 33.gxf5 Re8 34.Qd2 
Qg4+ 35.Kh1 Re3 36.fxg6 Qe4+ 37.Kg1 f6 38.Bc1 Re1+ 39.Rf1 Re2 0-1

[Event "EU-chT Seniors 05th"]
[Site "Dresden"]
[Date "2003.02.25"]
[Round "3.4"]
[White "Reinholz, Siegfried"]
[Black "Schwier, Manfred"]
[Result "1/2-1/2"]
[WhiteElo "1901"]
[BlackElo "2070"]
[EventDate "2003.02.23"]
[PlyCount "131"]

1.e4 d5 2.exd5 Qxd5 3.Nc3 Qa5 4.d4 c6 5.a3 a6 6.Nf3 Bf5 7.Bd3 e6 8.Be3 
Bxd3 9.Qxd3 Nf6 10.O-O Nbd7 11.Ne4 Qh5 12.Ng3 Qa5 13.b4 Qc7 14.c4 Bd6 15.
c5 Bf4 16.Ne2 Nd5 17.Nxf4 Nxf4 18.Bxf4 Qxf4 19.Rfe1 Nf6 20.a4 O-O 21.b5 
axb5 22.axb5 h6 23.bxc6 bxc6 24.h3 Qc7 25.Ne5 Nd7 26.Nc4 Rxa1 27.Rxa1 Rd8 
28.Nd6 Nf6 29.Rb1 Rb8 30.Rxb8+ Qxb8 31.Qf3 Qa8 32.Kh2 Qa4 33.Qf4 Qa6 34.g4
Qe2 35.Kg2 Qa2 36.h4 Qd5+ 37.Kh2 e5 38.Qxe5 Qxe5+ 39.dxe5 Nxg4+ 40.Kg3 
Nxe5 41.Nc8 Kf8 42.Na7 Ke8 43.f4 Nd7 44.Nxc6 Nxc5 45.f5 Kd7 46.Ne5+ Ke7 
47.h5 Ne4+ 48.Kg4 Nf6+ 49.Kh4 Nd7 50.Nc4 Nc5 51.Kg4 Ne4 52.Ne5 Ng5 53.Kf4 
Nh7 54.Kg4 Nf8 55.Nc4 Nd7 56.Kh4 Kf6 57.Nd6 Ke7 58.Nc8+ Kd8 59.Nd6 f6 60.
Kg4 Ne5+ 61.Kf4 Kd7 62.Ne4 Kc6 63.Nc3 Nd3+ 64.Ke3 Nb4 65.Ke4 Na6 66.Ne2 
1/2-1/2

[Event "EU-chT Seniors 05th"]
[Site "Dresden"]
[Date "2003.02.25"]
[Round "3.4"]
[White "Wheeler, John Francis"]
[Black "Titz, Herbert"]
[Result "1-0"]
[WhiteElo "2208"]
[BlackElo "2086"]
[EventDate "2003.02.23"]
[PlyCount "75"]

1.d4 Nf6 2.c4 c5 3.d5 b5 4.cxb5 a6 5.b6 g6 6.Nc3 Bg7 7.e4 d6 8.Nf3 Nbd7 9.
Be2 Qxb6 10.O-O a5 11.Nd2 Ba6 12.Nc4 Qc7 13.f4 O-O 14.Re1 Rfb8 15.e5 Ne8 
16.e6 fxe6 17.dxe6 Ndf6 18.Ne3 Bxe2 19.Qxe2 Qd8 20.Rd1 Nc7 21.g4 Rb4 22.g5
Nfe8 23.Ned5 Rb7 24.Rb1 Nxd5 25.Nxd5 Nc7 26.Qe4 Nxd5 27.Qxd5 Qc7 28.f5 Rf8
29.f6 Bxf6 30.gxf6 Rxf6 31.Bd2 Rf5 32.Qd3 Rb8 33.Rf1 Rbf8 34.Rxf5 Rxf5 35.
Rf1 c4 36.Qd4 Re5 37.Rf7 g5 38.Qf2 1-0

[Event "EU-chT Seniors 05th"]
[Site "Dresden"]
[Date "2003.02.25"]
[Round "3.4"]
[White "Wieckowski, Ryszard"]
[Black "Flockhart, Hugh"]
[Result "1/2-1/2"]
[WhiteElo "1929"]
[BlackElo "1724"]
[EventDate "2003.02.23"]
[PlyCount "83"]

1.Nf3 Nf6 2.c4 d5 3.cxd5 Nxd5 4.Nc3 Nc6 5.e4 Nb6 6.h3 e5 7.Bb5 Bd6 8.O-O 
O-O 9.Bxc6 bxc6 10.b3 h6 11.Bb2 Qe7 12.Re1 Bb7 13.Ne2 c5 14.Ng3 g6 15.d3 
Rfe8 16.Qd2 Kh7 17.Rac1 Nd7 18.Rc2 a5 19.Bc1 Qf8 20.Nh2 Nf6 21.Qe3 a4 22.
Qf3 Qg7 23.Ng4 Nxg4 24.Qxg4 axb3 25.axb3 Bc8 26.Qe2 Be6 27.Rc3 c4 28.dxc4 
Bb4 29.Bd2 Bxc3 30.Bxc3 f6 31.Qb2 Reb8 32.b4 Bxc4 33.f4 Ra2 34.Qc1 Bb5 35.
Kh2 Rba8 36.fxe5 fxe5 37.Qe3 c6 38.Rc1 Qf6 39.Bd2 Qg7 40.Bc3 Qf6 41.Bd2 
Qg7 42.Bc3 1/2-1/2

[Event "EU-chT Seniors 05th"]
[Site "Dresden"]
[Date "2003.02.25"]
[Round "3.4"]
[White "Zanger, Konrad"]
[Black "Kalmutzki, Manfred"]
[Result "1/2-1/2"]
[WhiteElo "1624"]
[BlackElo "1786"]
[EventDate "2003.02.23"]
[PlyCount "29"]

1.e4 c5 2.Nf3 e6 3.c3 d5 4.exd5 Qxd5 5.d4 cxd4 6.Qxd4 Qxd4 7.Nxd4 Bd7 8.
Bb5 a6 9.Be2 Nc6 10.Be3 Nf6 11.O-O Be7 12.Nd2 Nd5 13.Nc4 Nxe3 14.Nxe3 O-O 
15.Bf3 1/2-1/2

[Event "EU-chT Seniors 05th"]
[Site "Dresden"]
[Date "2003.02.26"]
[Round "4.1"]
[White "Braun, Gottfried"]
[Black "Baumgartner, Heinz"]
[Result "1/2-1/2"]
[WhiteElo "2251"]
[BlackElo "2381"]
[EventDate "2003.02.23"]
[PlyCount "37"]

1.e4 d5 2.exd5 Qxd5 3.Nc3 Qa5 4.Bc4 c6 5.d3 Nf6 6.Ne2 e5 7.O-O Be7 8.Ng3 
O-O 9.Qe2 Re8 10.Bd2 Qc7 11.Rae1 Nbd7 12.Kh1 Bf8 13.Nh5 b5 14.Bb3 Nxh5 15.
Qxh5 Nf6 16.Qh4 Be6 17.Bxe6 Rxe6 18.f4 b4 19.Ne4 1/2-1/2

[Event "EU-chT Seniors 05th"]
[Site "Dresden"]
[Date "2003.02.26"]
[Round "4.1"]
[White "Delander, Adolf"]
[Black "Johannessen, Svein"]
[Result "1/2-1/2"]
[WhiteElo "2197"]
[BlackElo "2263"]
[EventDate "2003.02.23"]
[PlyCount "43"]

1.d4 f5 2.e4 fxe4 3.Nc3 Nf6 4.Bg5 c6 5.Bxf6 exf6 6.Nxe4 d5 7.Nc3 Bd6 8.Nf3
O-O 9.Be2 Nd7 10.O-O Qc7 11.h3 f5 12.Bd3 Nf6 13.Ne2 Ne4 14.c4 dxc4 15.
Bxc4+ Kh8 16.Nc3 Bd7 17.Qc2 c5 18.Bd5 cxd4 19.Nxd4 Rae8 20.Nxe4 Qxc2 21.
Nxc2 fxe4 22.Bxb7 1/2-1/2

[Event "EU-chT Seniors 05th"]
[Site "Dresden"]
[Date "2003.02.26"]
[Round "4.1"]
[White "Hamm, Georg"]
[Black "Karl, Hans"]
[Result "1/2-1/2"]
[WhiteElo "2059"]
[BlackElo "2286"]
[EventDate "2003.02.23"]
[PlyCount "56"]

1.Nf3 Nf6 2.g3 g6 3.Bg2 Bg7 4.O-O d6 5.d3 e5 6.e4 c6 7.Nbd2 O-O 8.a4 a5 9.
Nc4 b5 10.axb5 cxb5 11.Ne3 Bb7 12.Bd2 Nc6 13.Re1 Qb6 14.Qe2 Rfd8 15.c4 Nb4
16.Bxb4 axb4 17.Nd2 Bh6 18.Nef1 Ra4 19.cxb5 Qxb5 20.Nc4 Bg7 21.Nfe3 Bf8 
22.b3 Raa8 23.Qb2 Nd7 24.Rxa8 Rxa8 25.d4 exd4 26.Qxd4 Qc5 27.Qd2 Ne5 28.
Rd1 Bh6 1/2-1/2

[Event "EU-chT Seniors 05th"]
[Site "Dresden"]
[Date "2003.02.26"]
[Round "4.1"]
[White "Hampel, Johannes"]
[Black "Hempson, Peter W"]
[Result "1/2-1/2"]
[WhiteElo "2003"]
[BlackElo "2197"]
[EventDate "2003.02.23"]
[PlyCount "47"]

1.d4 d5 2.c4 dxc4 3.Nf3 Nf6 4.e3 e6 5.Bxc4 c5 6.O-O a6 7.Qe2 b5 8.Bb3 Bb7 
9.a4 b4 10.Rd1 Qc7 11.e4 cxd4 12.e5 Nd5 13.Nxd4 Bc5 14.Bg5 h6 15.Bh4 Nc6 
16.Nf5 Qxe5 17.Qxe5 Nxe5 18.Nxg7+ Kf8 19.Nh5 Rg8 20.Bg3 Ng4 21.Bxd5 Bxd5 
22.Nf4 Rd8 23.Nxd5 Rxd5 24.Nd2 1/2-1/2

[Event "EU-chT Seniors 05th"]
[Site "Dresden"]
[Date "2003.02.26"]
[Round "4.1"]
[White "Kleinwaechter, Matthias"]
[Black "Wicklund Hansen, Richard"]
[Result "0-1"]
[WhiteElo "1974"]
[BlackElo "2046"]
[EventDate "2003.02.23"]
[PlyCount "88"]

1.e4 Nc6 2.d4 e5 3.dxe5 Nxe5 4.Nf3 Nxf3+ 5.Qxf3 Bc5 6.Bd3 d6 7.Nc3 h6 8.
O-O Nf6 9.Nd5 Be6 10.Be3 Bb6 11.a4 c6 12.Bxb6 axb6 13.Rfe1 Kd7 14.Ne3 h5 
15.e5 dxe5 16.Nc4 Ke7 17.Rxe5 Kf8 18.Ree1 Qc7 19.b3 h4 20.h3 Rh5 21.Rad1 
Bd5 22.Qe3 c5 23.Qd2 Bc6 24.Bf1 b5 25.axb5 Bxb5 26.Qd6+ Qxd6 27.Rxd6 Rd5 
28.Rxd5 Nxd5 29.Nb6 Nxb6 30.Bxb5 f6 31.Kf1 Nd5 32.Bd3 Rd8 33.g3 Ne7 34.Re4
hxg3 35.fxg3 Nf5 36.Kf2 Nd4 37.Ke3 Nf5+ 38.Kf4 Nd4 39.h4 Nxb3 40.Kf5 Nd4+ 
41.Kg6 Nf3 42.Bb5 Ne5+ 43.Kh7 Rd6 44.g4 f5 0-1

[Event "EU-chT Seniors 05th"]
[Site "Dresden"]
[Date "2003.02.26"]
[Round "4.1"]
[White "Kort, Jacob"]
[Black "Hecht, Hans Joachim"]
[Result "0-1"]
[WhiteElo "2225"]
[BlackElo "2381"]
[EventDate "2003.02.23"]
[PlyCount "52"]

1.d4 e6 2.c4 Bb4+ 3.Nc3 Nf6 4.Qc2 d6 5.a3 Bxc3+ 6.Qxc3 O-O 7.Bg5 Nbd7 8.e3
b6 9.f3 c5 10.dxc5 bxc5 11.Nh3 Qb6 12.b4 d5 13.Nf2 h6 14.Bxf6 Nxf6 15.Be2 
Bb7 16.O-O cxb4 17.axb4 dxc4 18.Bxc4 Rfc8 19.Qb3 Bd5 20.Rac1 Rxc4 21.Rxc4 
Bxc4 22.Qxc4 Qxe3 23.Kh1 Rd8 24.Qc5 Qe2 25.Kg1 a6 26.h3 Rd2 0-1

[Event "EU-chT Seniors 05th"]
[Site "Dresden"]
[Date "2003.02.26"]
[Round "4.1"]
[White "Littlewood, John Eric"]
[Black "Duemmke, Juergen"]
[Result "1-0"]
[WhiteElo "2286"]
[BlackElo "2187"]
[EventDate "2003.02.23"]
[PlyCount "59"]

1.e4 e5 2.Nf3 Nc6 3.Bb5 a6 4.Ba4 Nf6 5.Qe2 b5 6.Bb3 Be7 7.a4 b4 8.d4 d5 9.
Nbd2 Bg4 10.dxe5 Nxe5 11.exd5 Nxf3+ 12.Nxf3 O-O 13.Qc4 Bd6 14.Be3 Re8 15.
Nd4 Bf4 16.O-O Bxe3 17.fxe3 Rxe3 18.Rae1 Qe8 19.Qxb4 Rb8 20.Qd2 Rxe1 21.
Rxe1 Qd7 22.Nc6 Re8 23.Ne5 Qf5 24.Qc3 Ne4 25.Nxg4 h5 26.Qxc7 hxg4 27.Rf1 
Nf2 28.d6 g3 29.hxg3 Re2 30.Qxf7+ 1-0